| 000 | 00489nam a2200205Ia 4500 | ||
|---|---|---|---|
| 008 | 170918s9999 xx 000 0 und d | ||
| 020 | _a395919037 | ||
| 050 | _bR456 1998 | ||
| 100 | _aRey, Margaret | ||
| 245 | _aCurious George : | ||
| 245 | _bmakes pancakes / | ||
| 245 | _cby Margaret Rey and H. A. Rey. | ||
| 260 | _aNew York : | ||
| 260 | _bScholastic, | ||
| 260 | _c1998 | ||
| 300 | _a24 pages : | ||
| 300 | _bcolored illustration ; | ||
| 300 | _c21cm. | ||
| 500 | _a340 | ||
| 999 |
_c343060 _d343060 |
||